00308nam a2200121 4500245004300000100002500043710001500068250001200083260002600095300002500121490002200146082001800168 aKing Richard IIcedited by Peter Ure aShakespeare, William aUre Peter a5th ed. aLondonbMethuenc1966 aLxxiv,210p.; 21cm.- aArden Shakespeare a822.33X3bSHA